000 00557cam a22002053a 4500
001 43380
003 PGUSA
005 20140828084004.0
008 130802s2013||||xxu|||||s|||||000 | eng d
040 _aPGUSA
_beng
042 _adc
100 1 _aLee, Jennette,
_d1860-1951
245 1 0 _aAunt Jane
_h[electronic resource] /
_cJennette Lee
260 _bProject Gutenberg,
_c2013
506 _aPublic domain in the USA.
516 _aElectronic text
830 0 _aProject Gutenberg
_v43380
856 4 0 _uhttp://www.gutenberg.org/ebooks/43380
942 _cEB
999 _c272631
_d272631